Морската мощ на държавата (Запис номер 183678)
[ съкратено ]
| 000 -Лидер | |
|---|---|
| Контролно поле с фиксирана дължина | 01829nam a2200361 c 4500 |
| 003 - Код на организацията, давaща контролен номер | |
| Контролно поле | BLK |
| 005 - Дата и час на последна редакция | |
| Контролно поле | 20221207133119.0 |
| 008 - Елементи от данни с фиксирана дължина | |
| fixed length control field | 180411b bul|||||r ||||||| ||bul|| |
| 010 ## - Наследен системен номер | |
| LC control number | KNG00192623000 |
| 040 ## - Източник на каталожния запис | |
| Идентификатор на билиотеката - собственик на записа | BLK |
| 041 ## - Код за език | |
| Код за езика на текст/звукозапис или на отделно заглавие | Български |
| Код за езика КДБФ | Български |
| 080 ## - УДК | |
| Текстов определител УДК | Военноморски флот - Персонал и организация. Служби. Части, принадлежащи към военно-морския флот - морска пехота, морскаартилерия и въздушни сили;технически служби в морския флот;санитарна служба |
| УДК код - определител по УДК | 359 |
| УДК - код + определител | 359 |
| 100 1# - Редна дума - Автор | |
| Автор | Горшков, Сергей Георгиевич |
| Авторска отговорност | първи автор |
| R(LIN) | 343279 |
| 139 ## - Редно поле | |
| Редна дума | Горшков, Сергей Георгиевич |
| Авторски знак | Горо - Г 69 |
| 245 10 - Сведения за заглавието | |
| Заглавие | Морската мощ на държавата |
| Подзаглавни данни | Моногр. |
| Редно поле (дума) | Сергей Георгиевич Горшков; прев. от рус. Васил Янакиев; прев. от рус. Минчо В. Пеловски. |
| 257 ## - Страна на издаване | |
| Страна на създаване/издаване | СССР |
| 260 ## - Област на издателските данни | |
| Име на издателя, разпространителя и проч. | Воен. изд. |
| Година на издаване | 1980 |
| 300 ## - Физическа характеристика | |
| Страници | 427 с. |
| Размери/Мащаб | 21 см |
| 380 ## - Жанр | |
| Жанр | Обществени науки |
| 490 ## - СЕРИИ (Колекции) | |
| Име на серия | Военни знания |
| 9 (RLIN) | 204899 |
| 500 ## - Общи забележки | |
| Забележка | Ориг. загл. Морская мощь государства. - 2 130 тир. - Библиогр. под линия |
| 650 #4 - Допълнително описание по предмет – тема | |
| Основно описание – тема или топоним | Военно-морски флот |
| 9 (RLIN) | 270436 |
| 653 ## - Ключова дума – ненормативна | |
| Ключова дума | военноморски сили |
| 653 ## - Ключова дума – ненормативна | |
| Ключова дума | история |
| 653 ## - Ключова дума – ненормативна | |
| Ключова дума | развитие |
| 700 1# - Други автори (авторска отговорност) | |
| Лично име | Янакиев, Васил |
| Автороска отговорност (Описва отношението между автора и произведението) | прев. от рус. |
| 9 (RLIN) | 343280 |
| 700 1# - Други автори (авторска отговорност) | |
| Лично име | Пеловски, Минчо В. |
| Автороска отговорност (Описва отношението между автора и произведението) | прев. от рус. |
| 9 (RLIN) | 343281 |
| 852 ## - Местоположение | |
| Форматна сигнатура | Цб 106145 |
| 856 4# - Електронен адрес и достъп | |
| Електронен формат | pdf - файл |
| Инструкция (цена за достъп) | 0.00 |
| Права за достъп | disable |
| 856 4# - Електронен адрес и достъп | |
| Електронен формат | pdf - файл |
| Инструкция (цена за достъп) | 0.00 |
| Права за достъп | disable |
| 999 ## - СИСТЕМНИ КОНТРОЛНИ НОМЕРА | |
| Koha biblionumber | 183678 |
| Koha biblioitemnumber | 183678 |
| 942 ## - АРТИКУЛИ | |
| Вид на библиотечния материал | Книги |
| Скрит в OPAC | Не |
| Периодичен библиозапис | Да |
| 944 ## - СЪЗДАВАНЕ И РЕДАКЦИЯ на ЗАПИСА | |
| Създаване/Редакция | Създаване |
| Дата на регистрацията/редакция | 12.10.2016 |
| Служител, извършил регистрацията/редакцията | Севдалина_Василева |
| 944 ## - СЪЗДАВАНЕ И РЕДАКЦИЯ на ЗАПИСА | |
| Създаване/Редакция | Редакция |
| Дата на регистрацията/редакция | 12.10.2016 |
| Служител, извършил регистрацията/редакцията | Севдалина_Василева |
| 999 ## - СИСТЕМНИ КОНТРОЛНИ НОМЕРА | |
| Koha biblioitemnumber | 183678 |
| Код за отписване | Код за изгубен артикул | Източник на класификационната схема | Код за повреда | Коз за рестрикции | Код за отдаване | Артикулен № | Име на библиотеката - собственик | Име на библиотеката, в която се намира в момента | Статус (Текущо местоположение) | Дата на вписване в системата | Местоположение - отдел | Цена в лева | Инвентарен номер | Систематично азбучна сигнатура | Баркод | Номер на екземпляра | Цена в евро | Служебна бележка | Служебен тип на артикула |
|---|---|---|---|---|---|---|---|---|---|---|---|---|---|---|---|---|---|---|---|
| Не е изгубен | Universal Decimal Classification | Не е повреден | само за читалня | ползва се в читалня | 316882 | Регионална библиотека "Любен Каравелов" Русе | Регионална библиотека "Любен Каравелов" Русе | Хранилище | 1980-01-01 | Хранилище | 2.52 | 315987 | Цб 106145 | 120000315987 | 1 | 1.29 | Дост: Dp Вид: Д N: стар фонд Дата: 01.01.1980 | Книги | |
| Изтеглен | Не е изгубен | Universal Decimal Classification | Не е повреден | без рестрикции | заемане за дома | 316883 | Регионална библиотека "Любен Каравелов" Русе | Регионална библиотека "Любен Каравелов" Русе | Заемна - подръчен фонд | 1980-01-01 | Заемна - подръчен фонд | 2.52 | 317727 | П 355/359/Г 69 | 317727 | 2 | 1.29 | Дост: Pk Вид: Ф N: стар фонд Дата: 01.01.1980 | Книги |